[Event "Bogota El Tablazo op-B"]
[Site "Bogota"]
[Date "2022.06.25"]
[Round "2.12"]
[White "Ramos Ortiz, Carlos Alberto"]
[Black "Linares Pulgarin, Frederic Andres"]
[Result "0-1"]
[WhiteElo "1569"]
[BlackElo "1865"]
[PlyCount "102"]
[EventDate "2022.06.24"]
[EventType "swiss"]
[EventRounds "7"]
[EventCountry "COL"]
[SourceTitle "EXT 2024"]
[Source "ChessBase"]
[SourceDate "2023.10.10"]
[SourceVersion "1"]
[SourceVersionDate "2023.10.10"]
[SourceQuality "1"]

1. c4 Nf6 2. Nc3 d6 3. g3 c6 4. Bg2 Bf5 5. d3 e5 6. Nf3 Be7 7. 0-0 0-0 8. Qb3 Qc7 9. Bg5 h6 10. Bxf6 Bxf6 11. e4 Be6 12. Rac1 Nd7 13. Qc2 a5 14. a3 Ra7 15. Rfd1 Rfa8 16. Na4 Nb6 17. d4 Bg4 18. c5 Nxa4 19. cxd6 Qb6 20. Qxa4 Bxf3 21. Bxf3 exd4 22. Qc4 Qxb2 23. Bh5 Rf8 24. Qc5 b6 25. Qxc6 Qxa3 26. Qd5 Rd7 27. e5 Bxe5 28. Qxe5 Qxd6 29. Qb5 Rb8 30. Bf3 Re7 31. Rc6 Qd8 32. Qd3 Rd7 33. Rc4 b5 34. Rc5 Qb6 35. Rc6 Qa7 36. Rb1 b4 37. Bd1 Rdd8 38. Bc2 g6 39. Qc4 d3 40. Bxd3 Rd4 41. Rc7 Rxc4 42. Rxa7 Rc3 43. Bf1 Rc5 44. Rb2 b3 45. Be2 Rc2 46. Rb1 Rxe2 47. Rxa5 b2 48. Kg2 Rc2 49. Ra2 Kg7 50. h3 Rb7 51. h4 Rb3 0-1

[Event "Bogota El Tablazo op"]
[Site "Bogota"]
[Date "2021.11.04"]
[Round "1"]
[White "Ramos Ortiz, Carlos Alberto"]
[Black "Ruiz Aguilar, Pablo Alexander"]
[Result "0-1"]
[WhiteElo "1551"]
[BlackElo "2144"]
[PlyCount "156"]
[EventDate "2021.11.04"]
[EventType "swiss"]
[EventRounds "7"]
[EventCountry "COL"]
[SourceTitle "CBM 205 Extra"]
[Source "ChessBase"]
[SourceDate "2022.01.31"]
[SourceVersion "1"]
[SourceVersionDate "2022.01.31"]
[SourceQuality "1"]

1. c4 Nf6 2. Nc3 d5 3. cxd5 Nxd5 4. g3 e5 5. Bg2 Be6 6. Nf3 Nc6 7. 0-0 Be7 8. d4 exd4 9. Nxd4 Nxd4 10. Qxd4 Nxc3 11. Qxc3 Bf6 12. Qb4 Rb8 13. Be3 a5 14. Qxa5 0-0 15. Rfd1 Qc8 16. Rac1 c6 17. Qb4 Bxa2 18. Bc5 Re8 19. e3 Be6 20. e4 Ra8 21. f4 Bg4 22. Rd2 g6 23. e5 Bg7 24. Bd6 f6 25. Bd5+ Be6 26. Bxe6+ Rxe6 27. Qb3 Kh8 28. Rcd1 fxe5 29. Bxe5 Re7 30. Bxg7+ Kxg7 31. Qc3+ Kf7 32. Rd6 Qf5 33. Qb3+ Kg7 34. Qc3+ Kh6 35. Rf6 Qa5 36. Qxa5 Ra7 37. Qa6 Rxa6 38. Re6 Ra5 39. Red6 Kg7 40. Kf2 Rb5 41. R1d2 Rb3 42. R6d3 Rb5 43. Kf3 Kf7 44. g4 h5 45. h3 hxg4+ 46. hxg4 Rb4 47. Rd4 Rb3+ 48. R4d3 Rb5 49. Rh2 Kg7 50. Rhd2 Rf7 51. Rd7 c5 52. Ke4 Rb4+ 53. Ke5 Rbxf4 54. Rxf7+ Rxf7 55. Rd5 Rc7 56. Kd6 Rc6+ 57. Ke5 Kh6 58. Kf4 Rc7 59. Rd6 b5 60. Rd5 b4 61. Ke3 c4 62. Kd2 c3+ 63. bxc3 bxc3+ 64. Kc2 Rc4 65. Re5 Rxg4 66. Kxc3 g5 67. Kd2 Kh5 68. Re1 Rg2+ 69. Ke3 Kg4 70. Rh1 Kg3 71. Rf1 g4 72. Rf8 Ra2 73. Rh8 Kg2 74. Kf4 g3 75. Kg4 Ra4+ 76. Kg5 Kf2 77. Rf8+ Kg1 78. Rf3 g2 0-1

[Event "COL-ch Cat D U1800"]
[Site "Medellin"]
[Date "2021.06.12"]
[Round "4"]
[White "Giraldo Alvarez, Simon"]
[Black "Ramos Ortiz, Carlos Alberto"]
[Result "0-1"]
[WhiteElo "1434"]
[BlackElo "1514"]
[PlyCount "126"]
[EventDate "2021.06.10"]
[EventType "swiss"]
[EventRounds "7"]
[EventCountry "COL"]
[SourceTitle "EXT 2022"]
[Source "ChessBase"]
[SourceDate "2021.10.06"]
[SourceVersion "1"]
[SourceVersionDate "2021.10.06"]
[SourceQuality "1"]

1. e4 d6 2. d4 Nf6 3. Nc3 c6 4. f4 Qa5 5. e5 Ne4 6. Bd2 Nxd2 7. Qxd2 Bf5 8. Nf3 h6 9. h3 e6 10. Be2 d5 11. 0-0 c5 12. Kh1 Nc6 13. Nb5 Qxd2 14. Nxd2 Kd7 15. dxc5 Bxc5 16. c3 a6 17. Nb3 Be7 18. N5d4 Be4 19. Rae1 g5 20. Nd2 Nxd4 21. cxd4 Bg6 22. fxg5 Bxg5 23. Nf3 Be7 24. a3 Rac8 25. b4 Rc3 26. b5 Rxa3 27. bxa6 bxa6 28. Ra1 a5 29. Rxa3 Bxa3 30. Ra1 Bb4 31. Bb5+ Ke7 32. Rc1 Rb8 33. Ba4 Ba3 34. Rc7+ Kf8 35. Ra7 Rb1+ 36. Kh2 Bc1 37. Kg3 Ra1 38. Rxa5 Bc2 39. Ra8+ Kg7 40. Bc6 Rxa8 41. Bxa8 Ba4 42. Ne1 Bb2 43. Nf3 Kf8 44. Kf2 Ke7 45. Ke3 Kd8 46. Ne1 Kc7 47. Nd3 Ba3 48. Nc5 Bxc5 49. dxc5 Kb8 50. Bxd5 exd5 51. Kd4 Bc6 52. g4 Kc8 53. h4 Kd8 54. g5 hxg5 55. hxg5 Ke7 56. Ke3 Ke6 57. Kd4 Kf5 58. e6 fxe6 59. g6 Kxg6 60. Ke5 Kf7 61. Kd6 Ba4 62. Ke5 Ke7 63. Kd4 Kf6 0-1

[Event "COL-ch Cat D U1800"]
[Site "Medellin"]
[Date "2021.06.10"]
[Round "1"]
[White "Ramos Ortiz, Carlos Alberto"]
[Black "De la Hoz, Rafael"]
[Result "1-0"]
[WhiteElo "1514"]
[BlackElo "1686"]
[PlyCount "99"]
[EventDate "2021.06.10"]
[EventType "swiss"]
[EventRounds "7"]
[EventCountry "COL"]
[SourceTitle "EXT 2022"]
[Source "ChessBase"]
[SourceDate "2021.10.06"]
[SourceVersion "1"]
[SourceVersionDate "2021.10.06"]
[SourceQuality "1"]

1. c4 e5 2. d3 f5 3. g3 Nf6 4. Bg2 Be7 5. Nc3 d6 6. e3 c6 7. b4 0-0 8. Nge2 Be6 9. 0-0 d5 10. cxd5 Nxd5 11. Nxd5 cxd5 12. d4 e4 13. Nf4 Bf7 14. Qb3 Qd6 15. Bd2 Nd7 16. Rfc1 Rfc8 17. Bh3 g5 18. Ne2 Be6 19. Nc3 a6 20. Na4 b5 21. Nc5 Nb6 22. Bg2 Nc4 23. Be1 Kf7 24. a4 Qc6 25. h3 Bxc5 26. dxc5 a5 27. bxa5 Nxa5 28. Qxb5 Nc4 29. Bc3 Qxc5 30. Bd4 Qxb5 31. axb5 Bd7 32. b6 Rxa1 33. Rxa1 Rb8 34. Ra7 Ke6 35. Bf1 Kd6 36. Bxc4 dxc4 37. Kf1 h5 38. Ke2 Kc6 39. Rc7+ Kd6 40. Kd2 Rc8 41. Ra7 Kc6 42. Kc3 f4 43. Ra5 fxg3 44. fxg3 Bxh3 45. Rxg5 Bg4 46. Kxc4 Be2+ 47. Kb4 Rd8 48. Rc5+ Kb7 49. Rc7+ Kb8 50. Be5 1-0

[Event "Pereira Pelaez Memorial"]
[Site "Pereira"]
[Date "2021.06.07"]
[Round "7"]
[White "Ramos Ortiz, Carlos Alberto"]
[Black "Ramirez, Andres Felipe"]
[Result "1-0"]
[WhiteElo "1514"]
[BlackElo "1761"]
[PlyCount "53"]
[EventDate "2021.06.04"]
[EventType "swiss"]
[EventRounds "7"]
[EventCountry "COL"]
[SourceTitle "CBM 202 Extra"]
[Source "ChessBase"]
[SourceDate "2021.07.31"]
[SourceVersion "1"]
[SourceVersionDate "2021.07.31"]
[SourceQuality "1"]

1. c4 Nf6 2. g3 g6 3. Bg2 Bg7 4. Nc3 0-0 5. e4 d6 6. Nge2 e5 7. 0-0 Nc6 8. d3 Nh5 9. h3 f5 10. exf5 gxf5 11. Nd5 Ne7 12. Nec3 Nf6 13. Bg5 Ng6 14. d4 exd4 15. Qxd4 c6 16. Bxf6 Bxf6 17. Nxf6+ Qxf6 18. Rad1 Qf7 19. f4 Be6 20. b3 Rfd8 21. Rfe1 Ne7 22. Qe3 Bxc4 23. Qxe7 Bxb3 24. axb3 Qxb3 25. Qg5+ Kh8 26. Qf6+ Kg8 27. Re7 1-0

[Event "Bogota Navidad op"]
[Site "Bogota"]
[Date "2019.12.05"]
[Round "1"]
[White "Prada, Diogenes"]
[Black "Ramos Ortiz, Carlos Alberto"]
[Result "1/2-1/2"]
[WhiteElo "1922"]
[BlackElo "1462"]
[PlyCount "23"]
[EventDate "2019.12.05"]
[EventType "swiss"]
[EventRounds "7"]
[EventCountry "COL"]
[SourceTitle "CBM 193 Extra"]
[Source "ChessBase"]
[SourceDate "2020.01.31"]
[SourceVersion "1"]
[SourceVersionDate "2020.01.31"]
[SourceQuality "1"]

1. e4 d6 2. Nf3 Bg4 3. h3 Bh5 4. g4 Bg6 5. d3 e6 6. Bg2 Nf6 7. 0-0 Be7 8. Re1 d5 9. exd5 Nxd5 10. Ne5 c6 11. a3 Nd7 12. c4 1/2-1/2

[Event "COL-ch U1700"]
[Site "Pereira"]
[Date "2019.03.25"]
[Round "9"]
[White "Ramos Ortiz, Carlos Alberto"]
[Black "Pino Villarreal, Maria del Pilar"]
[Result "1/2-1/2"]
[WhiteElo "1462"]
[BlackElo "1611"]
[PlyCount "84"]
[EventDate "2019.03.21"]
[EventType "swiss"]
[EventRounds "9"]
[EventCountry "COL"]
[SourceTitle "CBM 189 Extra"]
[Source "ChessBase"]
[SourceDate "2019.06.03"]
[SourceVersion "1"]
[SourceVersionDate "2019.06.03"]
[SourceQuality "1"]

1. c4 Nf6 2. Nc3 g6 3. g3 Bg7 4. Bg2 0-0 5. Nf3 e6 6. e4 d5 7. cxd5 exd5 8. e5 Ng4 9. d4 f6 10. 0-0 c6 11. Re1 fxe5 12. Nxe5 Nxf2 13. Qe2 Nh3+ 14. Bxh3 Bxh3 15. Bf4 Nd7 16. Qe3 Nxe5 17. Bxe5 Qd7 18. Ne2 Rae8 19. Nf4 Bf5 20. Qa3 a6 21. Nd3 Rf7 22. Nc5 Qc8 23. Re3 Ref8 24. Nd3 Bh3 25. Nf4 Bh6 26. Bd6 Rd8 27. Rae1 Bf8 28. Be7 Bxe7 29. Rxe7 Rdf8 30. Qe3 Qf5 31. Rxf7 Rxf7 32. Nxh3 Qxh3 33. Qe8+ Kg7 34. Qe5+ Kh6 35. Qe3+ Kh5 36. Qe5+ Qf5 37. Qxf5+ gxf5 38. Kg2 Kg5 39. Re5 Kf6 40. Kf3 h6 41. Kf4 Kg6 42. h4 h5 1/2-1/2

[Event "COL-ch U1700"]
[Site "Pereira"]
[Date "2019.03.23"]
[Round "5"]
[White "Ramos Ortiz, Carlos Alberto"]
[Black "Arias, Oscar Eduardo"]
[Result "1-0"]
[WhiteElo "1462"]
[BlackElo "1670"]
[PlyCount "123"]
[EventDate "2019.03.21"]
[EventType "swiss"]
[EventRounds "9"]
[EventCountry "COL"]
[SourceTitle "CBM 189 Extra"]
[Source "ChessBase"]
[SourceDate "2019.06.03"]
[SourceVersion "1"]
[SourceVersionDate "2019.06.03"]
[SourceQuality "1"]

1. c4 e5 2. Nc3 Nf6 3. Nf3 Nc6 4. g3 Bb4 5. Bg2 0-0 6. 0-0 a5 7. Nd5 Bd6 8. d3 Nxd5 9. cxd5 Nb4 10. a3 Na6 11. b4 c6 12. dxc6 dxc6 13. bxa5 Qxa5 14. Be3 Re8 15. Ng5 h6 16. Ne4 Bf8 17. Bxh6 gxh6 18. Nf6+ Kh8 19. Nxe8 Qd8 20. f4 exf4 21. Rxf4 Qxe8 22. Qb3 Qe6 23. Qc2 Qe7 24. Raf1 Be6 25. d4 Bg7 26. Qe4 Rd8 27. Rxf7 Qd6 28. Rxb7 Bd5 29. Qe7 Bxd4+ 30. e3 Qxe7 31. Rxe7 Bc5 32. Re5 Bxa3 33. Bxd5 cxd5 34. Rh5 Bf8 35. Rxf8+ Rxf8 36. Rxh6+ Kg7 37. Rxa6 Rf3 38. Rd6 Rxe3 39. Rxd5 Re2 40. Rf5 Kg6 41. Rf2 Re4 42. Kg2 Rc4 43. h4 Kh5 44. Kh3 Rc1 45. g4+ Kg6 46. h5+ Kh6 47. Rf6+ Kg7 48. Rg6+ Kh7 49. Kh4 Rc5 50. Rg5 Rc1 51. Rf5 Kh6 52. Rf6+ Kg7 53. Kg5 Rc5+ 54. Rf5 Rc6 55. h6+ Kh7 56. Rf7+ Kh8 57. Rf6 Rc8 58. Kh5 Kh7 59. Rf7+ Kg8 60. Kg6 Rc6+ 61. Rf6 Rc7 62. h7+ 1-0

[Event "COL-ch U1700"]
[Site "Pereira"]
[Date "2019.03.22"]
[Round "3"]
[White "Sanabria, Edgar"]
[Black "Ramos Ortiz, Carlos Alberto"]
[Result "1-0"]
[WhiteElo "1661"]
[BlackElo "1462"]
[PlyCount "95"]
[EventDate "2019.03.21"]
[EventType "swiss"]
[EventRounds "9"]
[EventCountry "COL"]
[SourceTitle "CBM 189 Extra"]
[Source "ChessBase"]
[SourceDate "2019.06.03"]
[SourceVersion "1"]
[SourceVersionDate "2019.06.03"]
[SourceQuality "1"]

1. e4 d6 2. f4 Nf6 3. Nc3 c6 4. Nf3 Bg4 5. Be2 Bxf3 6. Bxf3 e6 7. 0-0 Be7 8. Kh1 0-0 9. d3 d5 10. e5 Nfd7 11. d4 c5 12. Ne2 cxd4 13. Nxd4 Nc6 14. c3 Nxd4 15. cxd4 Rc8 16. f5 Bg5 17. Bxg5 Qxg5 18. Bg4 Rc6 19. b4 exf5 20. Rxf5 Qe7 21. a3 Rfc8 22. Rf1 R8c7 23. Qf3 Nb6 24. Rae1 Rc3 25. Qf4 Nc8 26. Re3 Rxe3 27. Qxe3 h6 28. Rc1 Rxc1+ 29. Qxc1 Nb6 30. Qc5 Qd8 31. h3 g6 32. Qb5 Qc7 33. Qc5 Qxc5 34. bxc5 Na8 35. Bc8 b6 36. Bb7 Nc7 37. cxb6 axb6 38. Kg1 Nb5 39. Bxd5 Nxd4 40. a4 Kf8 41. Kf2 Ke7 42. Ke3 Ne6 43. Bc6 Nc5 44. Kd4 Ke6 45. Bd5+ Ke7 46. a5 Ne6+ 47. Bxe6 Kxe6 48. a6 1-0